Calciatori spagnoli nella Squadra della stagione della Champions - Statistics

Statistiche generali
  • Questo quiz è stato fatto 2 volte
  • Il punteggio medio è 12 su 17
Statistiche sulle risposte
Numero apparizioni Edizioni apparizioni Squadra Calciatore % Corretto
1 2014-2015 Juventus Álvaro Morata
100%
3 2013-2014; 2014-2015; 2015-2016 Barcellona Andrés Iniesta
100%
3 2013-2014; 2016-2017; 2023-2024 Real Madrid Daniel Carvajal
100%
1 2015-2016 Atletico Madrid Juanfran
100%
1 2015-2016 Atletico Madrid Koke
100%
1 2022-2023 Manchester City Rodri
100%
4 2013-2014; 2015-2016; 2016-2017; 2017-2018 Real Madrid Sergio Ramos
100%
1 2013-2014 Real Madrid Xabi Alonso
100%
1 2019-2020 RB Lipsia Angeliño
50%
1 2020-2021 Chelsea César Azpilicueta
50%
2 2013-2014; 2015-2016 Atletico Madrid Gabi
50%
1 2014-2015 Barcellona Gerard Piqué
50%
1 2014-2015 Barcellona Jordi Alba
50%
1 2014-2015 Barcellona Sergio Busquets
50%
1 2019-2020 Bayern Monaco Thiago
50%
1 2013-2014 Atletico Madrid Diego Costa
0%
1 2016-2017 Real Madrid Isco
0%
Nessun quiz corrispondente trovato
Distribuzione punteggi
Percentuale di utenti per punteggio
Percentile per numero di risposta
I tuoi punteggi nel tempo
Non hai fatto questo quiz